Perfect Squares - Statistics

General Stats
  • This quiz has been taken 102,961 times
  • The average score is 19 of 30
Answer Stats
Integer Square % Correct
1 1
100%
2 4
98%
3 9
98%
4 16
97%
5 25
97%
6 36
97%
10 100
96%
7 49
96%
8 64
96%
9 81
96%
11 121
94%
12 144
92%
13 169
80%
15 225
70%
20 400
67%
14 196
66%
16 256
54%
30 900
53%
17 289
43%
18 324
37%
21 441
36%
19 361
34%
25 625
33%
22 484
31%
23 529
24%
24 576
21%
26 676
17%
27 729
15%
28 784
13%
29 841
12%
No matching quizzes found
Score Distribution
Percent of People with Each Score
Percentile by Number Answered
Your Score History
You have not taken this quiz